Quick Pick: Signature Greens Quiz Stats

 Plays Quiz Updated Jun 17, 2017

Support Sporcle.
Go Orange.
Score 0/12 Timer 01:30
1 Play Today
% Correct
Green Eggs and Ham
93.3%
Bein' Green
85.3%
The Green Mile
84.4%
Green Berets
74.4%
Fried Green Tomatoes
73.7%
Green Party of the United States
72.3%
Green Bay Packers
71.7%
Green Gables
68.2%
Green Day
66.8%
How Green Was My Valley
46.6%
Green Lantern
43.2%
Green Hornet
38%

Today's Daily Dose

You're not logged in!

Compare scores with friends on all Sporcle quizzes.
OR
Log In
Forgot?

From the Vault

Book Title-Author Mix

by jar514

Hey, there's an author in my book!
Remove Ads.
Support Sporcle.
Get the best of Sporcle when you Go Orange. This ad-free experience offers more features, more stats, and more fun while also helping to support Sporcle. Thank you for becoming a member.

Show Comments

Extras

Top Quizzes Today


Score Distribution

Your Account Isn't Verified!

In order to create a playlist on Sporcle, you need to verify the email address you used during registration. Go to your Sporcle Settings to finish the process.

Report this User

Report this user for behavior that violates our Community Guidelines.

Details: